Ekonómia a právo v historickom pohľade na náhradu škody (od Calebresiho k Leonimu a späť k Millovi)

Všeobecný historický pohľad na riešenie otázok zodpvednosti za škodu metódou ekonomického prístupu k právu.

Na minha lista:
Detalhes bibliográficos
Autor principal: Dulak, Anton
Formato: Capítulo de Livro
Idioma:eslovaco
Assuntos:
Tags: Adicionar Tag
Sem tags, seja o primeiro a adicionar uma tag!

MARC

LEADER 00000naa a2200000 4500
001 0209695
005 20221019165324.5
041 0 |a slo 
044 |a SK 
245 1 0 |a Ekonómia a právo v historickom pohľade na náhradu škody  |b (od Calebresiho k Leonimu a späť k Millovi)  |c Anton Dulak 
520 |a Všeobecný historický pohľad na riešenie otázok zodpvednosti za škodu metódou ekonomického prístupu k právu. 
610 2 0 |a ekonómia 
610 2 0 |a právo 
610 2 0 |a história 
610 2 0 |a náhrada škody 
610 2 0 |a zodpovednosť za škody 
100 1 |a Dulak, Anton